000
00333 a2200157 4500
001
68125
020
_a
9783190110605
040
_c
Anchieta - Pituba
100
_a
Kirschstein, Veronika
240
1
0
_a
Mit uns B1+
_l
deu / ger
245
1
0
_a
Mit uns B1+
300
_a
148
362
0
_a
2017
650
4
_a
Língua alemã
942
_c
BK
999
_c
68125
_d
68125